[Event "9th Gashimov Mem Blitz"]
[Site "Baku AZE"]
[Date "2023.12.11"]
[Round "7.1"]
[White "Santosh Gujrathi Vidit"]
[Black "Arjun Erigaisi"]
[Result "1/2-1/2"]
[EventDate "2023.12.11"]
[WhiteElo "2737"]
[BlackElo "2727"]
[PlyCount "116"]

1. e4 e6 2. d4 d5 3. Nc3 Bb4 4. e5 c5 5. a3 Bxc3+ 6. bxc3 Nc6 7. Qg4 g6 8. Nf3 Qa5 9. Bd2 Qa4 10. Qf4 Qxc2 11. dxc5 Bd7 12. Nd4 Nxd4 13. cxd4 Ne7 14. Be2 Qe4 15. f3 Qxf4 16. Bxf4 h6 17. h4 Nc6 18. Be3 Na5 19. Rb1 Bc6 20. Rb4 Kd7 21. Kf2 b6 22. Rc1 Nc4 23. Bxc4 dxc4 24. cxb6 Bd5 25. bxa7 Rxa7 26. a4 h5 27. Bd2 Rha8 28. Ra1 Bc6 29. Rxc4 Rxa4 30. Rcxa4 Rxa4 31. Rb1 Rxd4 32. Bg5 Rd5 33. Bf6 Rb5 34. Rd1+ Bd5 35. Ra1 Rb8 36. Ra7+ Rb7 37. Ra6 Bc6 38. Kg3 Rb8 39. Ra7+ Bb7 40. Kf4 Kc7 41. Ra3 Ra8 42. Rc3+ Kd7 43. Rc2 Bd5 44. Kg5 Ra2 45. Rxa2 Bxa2 46. g4 Ke8 47. gxh5 gxh5 48. Kxh5 Kf8 49. Kh6 Kg8 50. f4 Bb1 51. h5 Bc2 52. Be7 Bd3 53. Kg5 Be4 54. Kf6 Bf5 55. Bc5 Be4 56. h6 Bg6 57. Bb4 Bf5 58. Bc5 1/2-1/2

[Event "9th Gashimov Mem Blitz"]
[Site "Baku AZE"]
[Date "2023.12.11"]
[Round "8.1"]
[White "Arjun Erigaisi"]
[Black "Richard Rapport"]
[Result "1/2-1/2"]
[EventDate "2023.12.11"]
[WhiteElo "2727"]
[BlackElo "2731"]
[PlyCount "106"]

1. d4 Nf6 2. Nf3 c6 3. Bf4 Qb6 4. Qc1 d6 5. e3 Nh5 6. Bg3 Nxg3 7. hxg3 g6 8. c4 Bg7 9. Nc3 Nd7 10. g4 Qa5 11. Qd2 h6 12. a3 Nf6 13. b4 Qc7 14. g5 hxg5 15. Rxh8+ Bxh8 16. Nxg5 Bd7 17. Bd3 d5 18. f4 a5 19. b5 c5 20. Nxd5 Nxd5 21. cxd5 cxd4 22. Rc1 Qd6 23. e4 Qxa3 24. e5 Rc8 25. Rxc8+ Bxc8 26. e6 fxe6 27. Bxg6+ Kf8 28. dxe6 Qe3+ 29. Qxe3 dxe3 30. Bc2 b6 31. Ke2 Bb7 32. g4 Bd4 33. Nf3 Bc5 34. Ne5 Bd4 35. Nc6 Bc5 36. f5 Kg7 37. g5 Bc8 38. Ba4 Bb7 39. Bb3 Bc8 40. Bd1 Bb7 41. Bc2 Bc8 42. Bb3 Bb7 43. f6+ exf6 44. e7 Bxe7 45. Nxe7 fxg5 46. Kxe3 Kf6 47. Nc6 Bc8 48. Kd4 g4 49. Ne5 g3 50. Bd5 Be6 51. Bg2 Ke7 52. Nd3 Bd7 53. Nf4 Bxb5 1/2-1/2

[Event "9th Gashimov Mem Blitz"]
[Site "Baku AZE"]
[Date "2023.12.11"]
[Round "9.1"]
[White "Aydin Suleymanli"]
[Black "Arjun Erigaisi"]
[Result "0-1"]
[EventDate "2023.12.11"]
[WhiteElo "2609"]
[BlackElo "2727"]
[PlyCount "124"]

1. e4 c5 2. Nf3 e6 3. d4 cxd4 4. Nxd4 Nf6 5. Nc3 Bb4 6. Bd3 d5 7. exd5 Nxd5 8. Bd2 Nxc3 9. bxc3 Be7 10. O-O Nd7 11. Bf4 O-O 12. Re1 Nc5 13. Rb1 Nxd3 14. Qxd3 Bc5 15. Qg3 b6 16. Re5 Re8 17. Nc6 Qd7 18. Rxc5 bxc5 19. Be5 f5 20. Na5 Ba6 21. h4 Rad8 22. Kh2 h6 23. Nc6 Rc8 24. Nb8 Rxb8 25. Bxb8 Qf7 26. Be5 Kh7 27. Rd1 Bb7 28. f3 Bd5 29. a3 Rg8 30. Rb1 g5 31. hxg5 Qh5+ 32. Qh3 Qxh3+ 33. Kxh3 hxg5 34. Kg3 Kg6 35. Rh1 Bc6 36. Rh8 f4+ 37. Kf2 Rxh8 38. Bxh8 Ba4 39. Be5 Bxc2 40. Bd6 c4 41. g3 Kf5 42. g4+ Kf6 43. Bc7 e5 44. Bd8+ Kg6 45. Bc7 e4 46. fxe4 Bd1 47. Bb8 a6 48. Bc7 Bxg4 49. Bd8 Bh5 50. Bc7 Bd1 51. Bb8 Kf6 52. Bc7 Bc2 53. Kf3 Kg6 54. Bd6 Kh5 55. Bc7 Kh4 56. Bxf4 gxf4 57. Kxf4 Kh3 58. e5 Kg2 59. e6 Kf2 60. Ke5 Ke3 61. e7 Ba4 62. Kd5 Kd3 0-1

[Event "9th Gashimov Mem Blitz"]
[Site "Baku AZE"]
[Date "2023.12.11"]
[Round "10.1"]
[White "Arjun Erigaisi"]
[Black "Boris Gelfand"]
[Result "1-0"]
[EventDate "2023.12.11"]
[WhiteElo "2727"]
[BlackElo "2660"]
[PlyCount "106"]

1. c4 c5 2. Nc3 g6 3. g3 Bg7 4. Bg2 Nc6 5. d3 Nf6 6. Qd2 e6 7. b3 d5 8. Bb2 Rb8 9. cxd5 exd5 10. Nxd5 O-O 11. Nxf6+ Bxf6 12. Nf3 Re8 13. O-O Bg4 14. Rfe1 Qd6 15. h3 Bxf3 16. Bxf3 Bxb2 17. Qxb2 Nd4 18. Bg2 Qf6 19. Rab1 Re6 20. e3 Nf3+ 21. Bxf3 Qxf3 22. Qe2 Qf5 23. Kg2 Rd8 24. Red1 Red6 25. Rbc1 b6 26. Rc3 h5 27. f4 Qd7 28. a4 Re8 29. Qf3 f5 30. Kf2 Rde6 31. d4 Qg7 32. Rcd3 cxd4 33. Rxd4 Re4 34. R1d3 Qc7 35. Qd1 Rxd4 36. Rxd4 Qe7 37. Qd3 Qc5 38. Rc4 Qe7 39. Rc6 Kh7 40. Rd6 Qg7 41. Qd4 Re7 42. Qxg7+ Kxg7 43. Ke2 Rc7 44. Kd3 h4 45. gxh4 Kh6 46. b4 Kh5 47. b5 Rg7 48. e4 fxe4+ 49. Kxe4 Kxh4 50. Ke5 Kh5 51. Rd8 Kh4 52. Kf6 Rc7 53. Kxg6 1-0

[Event "9th Gashimov Mem Blitz"]
[Site "Baku AZE"]
[Date "2023.12.11"]
[Round "11.1"]
[White "Rauf Mamedov"]
[Black "Arjun Erigaisi"]
[Result "1/2-1/2"]
[EventDate "2023.12.11"]
[WhiteElo "2651"]
[BlackElo "2727"]
[PlyCount "112"]

1. Nf3 c5 2. e4 e6 3. c3 d5 4. exd5 Qxd5 5. d4 Nf6 6. Na3 a6 7. Nc4 Nbd7 8. Be2 b5 9. Na5 Be7 10. O-O Bd8 11. Nd2 Qd6 12. Bf3 Nd5 13. c4 bxc4 14. Ndxc4 Qc7 15. Bxd5 exd5 16. Re1+ Kf8 17. Qf3 Nf6 18. Bf4 Qd7 19. Bd6+ Kg8 20. Bxc5 Qg4 21. Qxg4 Bxg4 22. Nb6 Bxb6 23. Bxb6 Rb8 24. Bc5 Rxb2 25. Rab1 Rxb1 26. Rxb1 h5 27. f3 Bf5 28. Rb6 Kh7 29. Nc6 Nd7 30. Rxa6 Re8 31. Kf2 h4 32. Ra7 Bd3 33. Be7 Bb5 34. Rxd7 Bxc6 35. Rc7 Bb5 36. Bxh4 Re2+ 37. Kg3 Rxa2 38. Rxf7 Bf1 39. Kf4 Rxg2 40. Bg3 Kg6 41. Rd7 Bc4 42. Kg4 Kf6 43. Kh3 Rg1 44. Kg4 Rg2 45. Ra7 Rg1 46. Rb7 g6 47. Rb6+ Kf7 48. Kg5 Bd3 49. Rd6 Rf1 50. Rd7+ Ke6 51. Rd6+ Ke7 52. Rxd5 Rxf3 53. Re5+ Kd7 54. Ra5 Rf5+ 55. Rxf5 Bxf5 56. h4 Be4 1/2-1/2

[Event "9th Gashimov Mem Blitz"]
[Site "Baku AZE"]
[Date "2023.12.11"]
[Round "12.1"]
[White "Arjun Erigaisi"]
[Black "Shakhriyar Mamedyarov"]
[Result "1/2-1/2"]
[EventDate "2023.12.11"]
[WhiteElo "2727"]
[BlackElo "2723"]
[PlyCount "44"]

1. d4 Nf6 2. Nf3 g6 3. c4 Bg7 4. Nc3 d5 5. cxd5 Nxd5 6. e4 Nxc3 7. bxc3 c5 8. Be3 Bg4 9. Qd2 O-O 10. Rc1 Qa5 11. d5 Nd7 12. c4 Qa3 13. Be2 e6 14. O-O exd5 15. exd5 Rfe8 16. h3 Bf5 17. g4 Be4 18. Ng5 Bb2 19. Rcd1 Bc3 20. Qc1 Bb2 21. Qd2 Bc3 22. Qc1 1/2-1/2

[Event "9th Gashimov Mem Blitz"]
[Site "Baku AZE"]
[Date "2023.12.11"]
[Round "13.1"]
[White "Teimour Radjabov"]
[Black "Arjun Erigaisi"]
[Result "0-1"]
[EventDate "2023.12.11"]
[WhiteElo "2723"]
[BlackElo "2727"]
[PlyCount "120"]

1. e4 e6 2. d4 d5 3. exd5 exd5 4. Bd3 Nf6 5. Nf3 Bd6 6. O-O O-O 7. h3 c5 8. dxc5 Bxc5 9. Nc3 Be6 10. Bg5 Nbd7 11. Ne2 Qb6 12. Rb1 Ne4 13. Bh4 Rfe8 14. b4 Be7 15. Bxe7 Rxe7 16. c4 Ndf6 17. c5 Qc7 18. Qc2 a5 19. a3 h6 20. Rfc1 Ree8 21. Ned4 axb4 22. axb4 Bd7 23. b5 Rec8 24. c6 bxc6 25. bxc6 Be6 26. Rb7 Qf4 27. Rcb1 Ra3 28. R7b3 Rxb3 29. Rxb3 Qc7 30. Rb7 Qa5 31. Bf1 Nd6 32. Nxe6 fxe6 33. Nd4 e5 34. Ne6 Nxb7 35. Qg6 Rc7 36. Nxc7 Qxc7 37. cxb7 Qxb7 38. Qf5 Qe7 39. g4 Kf7 40. h4 Qe6 41. Qxe6+ Kxe6 42. f3 g5 43. hxg5 hxg5 44. Kf2 Kd6 45. Ke3 Kc5 46. Be2 Ne8 47. Kd3 Nc7 48. Bd1 Ne6 49. Ke3 Kb4 50. Kd3 Nf4+ 51. Kd2 Kc4 52. Bc2 Kd4 53. Bf5 Ng2 54. Bc2 Ne3 55. Ba4 e4 56. Ke2 Ng2 57. fxe4 Nf4+ 58. Kf2 dxe4 59. Bb5 Ke5 60. Ke3 Nd5+ 0-1

[Event "9th Gashimov Mem Blitz"]
[Site "Baku AZE"]
[Date "2023.12.11"]
[Round "14.1"]
[White "Arjun Erigaisi"]
[Black "Nijat Abasov"]
[Result "0-1"]
[EventDate "2023.12.11"]
[WhiteElo "2727"]
[BlackElo "2641"]
[PlyCount "100"]

1. d4 Nf6 2. Nc3 d5 3. Bf4 e6 4. Nb5 Bb4+ 5. c3 Ba5 6. e3 a6 7. Na3 O-O 8. Bd3 Nbd7 9. Nf3 c5 10. O-O Bc7 11. Nb1 Re8 12. Ne5 Nxe5 13. Bxe5 Nd7 14. Bxc7 Qxc7 15. f4 b5 16. Nd2 Rb8 17. Nf3 b4 18. cxb4 c4 19. Rc1 Rxb4 20. b3 Qa5 21. bxc4 Qxa2 22. c5 Nf6 23. Rc2 Qa3 24. Qd2 Ne4 25. Bxe4 dxe4 26. Ne5 Qa4 27. Rfc1 Rb3 28. Nc4 Rd8 29. Ra2 Qb5 30. Nd6 Qc6 31. Rb2 Rd3 32. Qe1 Bd7 33. h3 h6 34. Qh4 Rf8 35. Qf2 Qd5 36. Rb6 a5 37. Nc4 a4 38. Ne5 a3 39. Rd6 Qb3 40. Nxd3 exd3 41. Rxd7 Ra8 42. c6 Qb2 43. Qxb2 axb2 44. Rf1 Ra1 45. Rb7 d2 46. c7 Rxf1+ 47. Kh2 d1=Q 48. c8=Q+ Kh7 49. Rxb2 Qe1 50. Qc2+ f5 0-1

[Event "9th Gashimov Mem Blitz"]
[Site "Baku AZE"]
[Date "2023.12.11"]
[Round "15.1"]
[White "Van Foreest, Jorden"]
[Black "Arjun Erigaisi"]
[Result "0-1"]
[EventDate "2023.12.11"]
[WhiteElo "2679"]
[BlackElo "2727"]
[PlyCount "112"]

1. Nf3 c5 2. e4 e6 3. d4 cxd4 4. Nxd4 Nf6 5. Nc3 Bb4 6. e5 Nd5 7. Bd2 Nxc3 8. bxc3 Bf8 9. Bd3 Na6 10. O-O Nc5 11. Re1 b6 12. Qg4 h5 13. Qf4 Bb7 14. a4 Be7 15. a5 bxa5 16. Nb3 g5 17. Qd4 Nxb3 18. cxb3 Qb6 19. Be3 Qxb3 20. Rxa5 Qb6 21. Qxb6 axb6 22. Rxa8+ Bxa8 23. Rb1 Bd8 24. Bb5 Bc7 25. Ra1 O-O 26. Bxg5 Bxe5 27. Bxd7 Bd5 28. Rb1 Bxc3 29. Rxb6 Ra8 30. Rb1 Bd4 31. Bb5 Ra2 32. Rf1 Kg7 33. h3 e5 34. Bd3 f6 35. Bc1 h4 36. Bb1 Ra1 37. Be3 Bxe3 38. fxe3 Ra3 39. Re1 Kh6 40. Bf5 Kg5 41. e4 Ba8 42. Rf1 Ra4 43. Re1 Bb7 44. Re3 Rb4 45. Kf2 Rc4 46. g3 Rc2+ 47. Kf3 Ba6 48. Ra3 Be2+ 49. Ke3 hxg3 50. Ra8 Bc4 51. Ra7 Rc3+ 52. Kd2 Rd3+ 53. Ke1 Kf4 54. h4 Re3+ 55. Kd2 g2 56. Ra1 Bf1 0-1

[Event "9th Gashimov Mem Blitz"]
[Site "Baku AZE"]
[Date "2023.12.11"]
[Round "16.1"]
[White "Arjun Erigaisi"]
[Black "Santosh Gujrathi Vidit"]
[Result "1/2-1/2"]
[EventDate "2023.12.11"]
[WhiteElo "2727"]
[BlackElo "2737"]
[PlyCount "62"]

1. d4 d5 2. c4 c6 3. cxd5 cxd5 4. Nc3 Nf6 5. Nf3 Nc6 6. Bf4 Bf5 7. Qb3 Na5 8. Qa4+ Bd7 9. Qc2 e6 10. e3 Rc8 11. Bd3 Be7 12. h3 O-O 13. O-O Nc4 14. Rfc1 b5 15. a3 h6 16. Qe2 a6 17. Ne5 Be8 18. Ng4 Nxg4 19. Qxg4 f5 20. Qe2 Bd7 21. a4 Qb6 22. axb5 axb5 23. b3 Na5 24. Bxb5 Bxb5 25. Qxb5 Qxb5 26. Nxb5 Nxb3 27. Rxc8 Rxc8 28. Ra7 Rc1+ 29. Kh2 Nd2 30. Rxe7 Nf1+ 31. Kg1 1/2-1/2

[Event "9th Gashimov Mem Blitz"]
[Site "Baku AZE"]
[Date "2023.12.11"]
[Round "17.1"]
[White "Richard Rapport"]
[Black "Arjun Erigaisi"]
[Result "1-0"]
[EventDate "2023.12.11"]
[WhiteElo "2731"]
[BlackElo "2727"]
[PlyCount "60"]

1. e4 c5 2. Nf3 e6 3. d3 d5 4. Nbd2 Nc6 5. g3 Nf6 6. Bg2 Be7 7. O-O Qc7 8. Re1 h6 9. a4 b6 10. e5 Nd7 11. Qe2 Bb7 12. Nb3 g5 13. a5 O-O-O 14. axb6 axb6 15. h3 h5 16. Nxg5 Rdf8 17. Nf3 b5 18. h4 d4 19. Bd2 Nb6 20. Na5 Ba8 21. Nxc6 Bxc6 22. Ra6 Nd5 23. Rea1 Bb7 24. Ra7 Kd7 25. c4 dxc3 26. bxc3 c4 27. Nd4 Bc5 28. Nxb5 cxd3 29. Qxd3 Qb6 30. Bxd5 1-0

[Event "9th Gashimov Mem Blitz"]
[Site "Baku AZE"]
[Date "2023.12.11"]
[Round "18.1"]
[White "Arjun Erigaisi"]
[Black "Aydin Suleymanli"]
[Result "1-0"]
[EventDate "2023.12.11"]
[WhiteElo "2727"]
[BlackElo "2609"]
[PlyCount "100"]

1. c4 Nf6 2. Nc3 e5 3. Nf3 Nc6 4. d4 exd4 5. Nxd4 Bb4 6. g3 O-O 7. Bg2 Na5 8. Qd3 Ng4 9. f4 Re8 10. h3 Nf6 11. O-O d6 12. Bd2 Nd7 13. e4 Nc5 14. Qe2 f5 15. a3 Bxc3 16. Bxc3 Nc6 17. Nxc6 bxc6 18. e5 d5 19. cxd5 cxd5 20. Qb5 Ne4 21. Rad1 Qe7 22. Qxd5+ Be6 23. Qd3 Rad8 24. Qe3 Bd5 25. g4 g6 26. gxf5 gxf5 27. Kh2 c6 28. Rg1 Kf7 29. Bf3 Qh4 30. Be1 Qh6 31. Bb4 Rd7 32. Bxe4 fxe4 33. Rg5 Be6 34. Bd6 Rb8 35. b4 Rg8 36. Rf1 Ke8 37. Rxg8+ Bxg8 38. b5 Bd5 39. bxc6 Bxc6 40. Rc1 Bb7 41. Rg1 Rf7 42. Rg4 Bc8 43. Rg8+ Kd7 44. Bb8 Bb7 45. Qd4+ Kc6 46. Qc4+ Kb6 47. Qxf7 e3 48. Qf6+ Qxf6 49. exf6 e2 50. Re8 1-0

[Event "9th Gashimov Mem Rapid"]
[Site "Baku AZE"]
[Date "2023.12.10"]
[Round "7.1"]
[White "Santosh Gujrathi Vidit"]
[Black "Arjun Erigaisi"]
[Result "1/2-1/2"]
[EventDate "2023.12.08"]
[WhiteElo "2737"]
[BlackElo "2727"]
[PlyCount "98"]

1. d4 Nf6 2. Nf3 g6 3. b3 Bg7 4. Bb2 O-O 5. e3 d5 6. c4 c5 7. dxc5 Qa5+ 8. Nbd2 Qxc5 9. a3 Bg4 10. b4 Qd6 11. cxd5 Nxd5 12. Ne4 Qd8 13. Qb3 Bxb2 14. Qxb2 Nf6 15. Rd1 Qb6 16. Rd6 Nxe4 17. Rxb6 axb6 18. Ne5 Be6 19. Bc4 Bxc4 20. Nxc4 Nd7 21. Qd4 Nef6 22. O-O b5 23. Na5 Rfc8 24. Qb2 b6 25. Nb3 Ne4 26. Rc1 Rc4 27. Rd1 Nd6 28. h3 Rc7 29. Nd4 Ne5 30. Qb3 Nec4 31. Ra1 e5 32. Nf3 Rca7 33. Qd1 e4 34. Nd4 Rxa3 35. Rxa3 Rxa3 36. Nc6 Rd3 37. Qa1 h5 38. Kh2 Nf5 39. g4 hxg4 40. hxg4 Nh4 41. Kg3 Nf3 42. Qf6 Nd6 43. Ne7+ Kh7 44. Nc6 Rd1 45. Nd4 Rg1+ 46. Kh3 Rh1+ 47. Kg3 Rg1+ 48. Kh3 Rh1+ 49. Kg3 1/2-1/2

[Event "9th Gashimov Mem Rapid"]
[Site "Baku AZE"]
[Date "2023.12.10"]
[Round "8.1"]
[White "Arjun Erigaisi"]
[Black "Richard Rapport"]
[Result "1-0"]
[EventDate "2023.12.08"]
[WhiteElo "2727"]
[BlackElo "2731"]
[PlyCount "150"]

1. d4 Nf6 2. c4 e6 3. Nf3 d5 4. Nc3 Nbd7 5. Bg5 c6 6. cxd5 exd5 7. e3 Be7 8. Bd3 Nh5 9. Bxe7 Qxe7 10. O-O O-O 11. Qb1 Nhf6 12. b4 a5 13. b5 c5 14. dxc5 Nxc5 15. Nd4 b6 16. Bc2 Bb7 17. Qb2 Rac8 18. Rac1 g6 19. Rfd1 Rfd8 20. h3 Nfe4 21. Bb1 Qf6 22. Qe2 Kg7 23. Qf3 Qxf3 24. gxf3 Nxc3 25. Rxc3 Na4 26. Rxc8 Rxc8 27. Bd3 Kf6 28. Kg2 Rc3 29. Bc2 Nb2 30. Ra1 Bc8 31. f4 Nc4 32. Bb3 Be6 33. Rd1 a4 34. Ne2 Rxb3 35. axb3 axb3 36. Nc3 b2 37. Kf3 Na3 38. Nb1 Nc4 39. Nc3 g5 40. e4 dxe4+ 41. Kxe4 Na3 42. fxg5+ Kxg5 43. Ke5 Bxh3 44. Rg1+ Kh4 45. Kf4 h5 46. Rh1 f6 47. Nb1 Nxb5 48. Nd2 Nd4 49. Ke4 b1=Q+ 50. Nxb1 Ne6 51. Nd2 Ng5+ 52. Kf4 b5 53. Nf3+ Nxf3 54. Kxf3 b4 55. Kf4 b3 56. f3 b2 57. Rg1 Be6 58. Rh1+ Bh3 59. Rb1 Bd7 60. Rxb2 Kh3 61. Rb7 Ba4 62. Rf7 Kg2 63. Rxf6 h4 64. Ra6 Bb3 65. Rb6 Bd5 66. Rb2+ Kh3 67. Rd2 Bb7 68. Rd7 Bc6 69. Rg7 Kh2 70. Ke3 h3 71. f4 Bg2 72. Kf2 Be4 73. Re7 Bg6 74. Re5 Kh1 75. Kg3 1-0

[Event "9th Gashimov Mem Rapid"]
[Site "Baku AZE"]
[Date "2023.12.10"]
[Round "9.1"]
[White "Aydin Suleymanli"]
[Black "Arjun Erigaisi"]
[Result "1-0"]
[EventDate "2023.12.08"]
[WhiteElo "2609"]
[BlackElo "2727"]
[PlyCount "106"]

1. e4 e6 2. d4 d5 3. Nc3 Nf6 4. e5 Nfd7 5. f4 c5 6. Nf3 Nc6 7. Be3 a6 8. Ne2 Qb6 9. Qc1 f6 10. c3 Be7 11. h4 Na5 12. b3 O-O 13. h5 Qc7 14. g3 fxe5 15. dxe5 b5 16. Bh3 Nb6 17. O-O Nc6 18. Kh2 a5 19. Qe1 Nd8 20. g4 b4 21. Rc1 bxc3 22. Qxc3 Ba6 23. Qe1 a4 24. f5 axb3 25. axb3 Nc6 26. Bf4 Nb4 27. Nfd4 Nd3 28. Nxe6 Qb8 29. Qd2 Nxf4 30. Qxf4 Bxe2 31. Rf2 Bd3 32. Nxf8 Bxf8 33. Bg2 c4 34. bxc4 Bxc4 35. g5 Kh8 36. f6 gxf6 37. gxf6 Nd7 38. Rxc4 Nxe5 39. Bxd5 Nxc4 40. Qxb8 Rxb8 41. Bxc4 Rc8 42. Bd5 Rc5 43. Rf5 h6 44. Kh3 Rc1 45. Rf2 Rc5 46. Rd2 Rc1 47. Kg4 Rf1 48. Bf3 Rg1+ 49. Kf5 Rf1 50. Kg4 Rg1+ 51. Bg2 Kg8 52. Kf5 Rc1 53. Rd7 Rg1 1-0

[Event "9th Gashimov Mem Rapid"]
[Site "Baku AZE"]
[Date "2023.12.09"]
[Round "4.5"]
[White "Arjun Erigaisi"]
[Black "Teimour Radjabov"]
[Result "0-1"]
[EventDate "2023.12.08"]
[WhiteElo "2727"]
[BlackElo "2723"]
[PlyCount "52"]

1. c4 e6 2. Nc3 d5 3. d4 Nf6 4. cxd5 exd5 5. Bg5 Be7 6. e3 c6 7. Bd3 O-O 8. h3 Re8 9. Nf3 Nbd7 10. Qc2 Nf8 11. Ne5 N6d7 12. Bxe7 Qxe7 13. Nf3 Nf6 14. O-O Ng6 15. Rab1 Ne4 16. Bxe4 dxe4 17. Nd2 Bf5 18. f4 h5 19. b4 Nh4 20. Nb3 Rad8 21. Na5 Rd6 22. Kh2 Nf3+ 23. Rxf3 exf3 24. Qxf5 Rg6 25. Rb2 Qxe3 26. Nd1 Qe1 0-1

[Event "9th Gashimov Mem Rapid"]
[Site "Baku AZE"]
[Date "2023.12.09"]
[Round "5.1"]
[White "Nijat Abasov"]
[Black "Arjun Erigaisi"]
[Result "0-1"]
[EventDate "2023.12.08"]
[WhiteElo "2641"]
[BlackElo "2727"]
[PlyCount "114"]

1. e4 c5 2. Nf3 d6 3. d4 cxd4 4. Nxd4 Nf6 5. Nc3 a6 6. Be2 e5 7. Nb3 Be7 8. Be3 Be6 9. f4 exf4 10. Bxf4 O-O 11. Qd2 Nc6 12. O-O-O Ne5 13. Rhg1 Rc8 14. g4 b5 15. g5 Nfd7 16. Nd5 Bxd5 17. Qxd5 Qc7 18. Nd4 Rfe8 19. h4 Bf8 20. h5 g6 21. h6 Nb6 22. Qb3 d5 23. exd5 Nd3+ 24. Rxd3 Qxf4+ 25. Kb1 Nc4 26. d6 Bxd6 27. Rgd1 Qxg5 28. a4 Bf8 29. axb5 axb5 30. Bf3 Bxh6 31. Nxb5 Ne5 32. Bd5 Rb8 33. Rc3 Bg7 34. Rf1 Qe7 35. Re3 Rf8 36. Rfe1 Qc5 37. Rxe5 Bxe5 38. Rxe5 Rxb5 39. Qxb5 Qxb5 40. Bxf7+ Rxf7 41. Rxb5 h5 42. Rg5 Kg7 43. b4 Kh6 44. Rg1 Rb7 45. c3 h4 46. Kc2 Kh5 47. Kd3 g5 48. Ke3 g4 49. Rd1 h3 50. Kf2 Kh4 51. Kg1 Rc7 52. b5 Rxc3 53. Rb1 g3 54. b6 h2+ 55. Kg2 Rc2+ 56. Kf3 Rf2+ 57. Ke3 Rf8 0-1

[Event "9th Gashimov Mem Rapid"]
[Site "Baku AZE"]
[Date "2023.12.09"]
[Round "6.1"]
[White "Arjun Erigaisi"]
[Black "Van Foreest, Jorden"]
[Result "1/2-1/2"]
[EventDate "2023.12.08"]
[WhiteElo "2727"]
[BlackElo "2679"]
[PlyCount "56"]

1. d4 d5 2. Nf3 c5 3. e3 Nf6 4. Nbd2 e6 5. b3 b6 6. Bb2 Bb7 7. Bd3 Be7 8. O-O O-O 9. Ne5 Nc6 10. Nxc6 Bxc6 11. Nf3 Bb7 12. Qe2 Rc8 13. c4 cxd4 14. exd4 Bd6 15. a4 Qc7 16. Ne5 dxc4 17. bxc4 Bxe5 18. dxe5 Nd7 19. Ra3 Qc6 20. f4 f5 21. exf6 Nxf6 22. Kh1 Rf7 23. a5 Rd8 24. a6 Ba8 25. Rf3 Qd6 26. Rf1 Qc6 27. Rf3 Qd6 28. Rf1 1/2-1/2

[Event "9th Gashimov Mem Rapid"]
[Site "Baku AZE"]
[Date "2023.12.08"]
[Round "1.1"]
[White "Boris Gelfand"]
[Black "Arjun Erigaisi"]
[Result "1/2-1/2"]
[EventDate "2023.12.08"]
[WhiteElo "2660"]
[BlackElo "2727"]
[PlyCount "98"]

1. Nf3 Nf6 2. c4 b6 3. d4 Bb7 4. g3 Bxf3 5. exf3 e6 6. Bg2 Bb4+ 7. Bd2 Bxd2+ 8. Qxd2 O-O 9. O-O d5 10. cxd5 exd5 11. Nc3 c6 12. Rfe1 Na6 13. f4 Nc7 14. f5 Qd6 15. Re5 Nd7 16. Re3 Rfe8 17. Rae1 Kf8 18. g4 h6 19. Bf3 Rxe3 20. Rxe3 Re8 21. Kg2 Rxe3 22. fxe3 Qe7 23. Qf2 Nf6 24. Bd1 Nce8 25. Qf4 a5 26. a3 Nd6 27. Be2 b5 28. Bd3 Kg8 29. h4 b4 30. axb4 axb4 31. Nd1 Nfe4 32. Bxe4 Nxe4 33. Nf2 Nxf2 34. Qxf2 Qe4+ 35. Kg3 Qb1 36. g5 h5 37. Qf4 Kh7 38. f6 Qg1+ 39. Kh3 gxf6 40. Qf5+ Kg8 41. Qc8+ Kh7 42. Qf5+ Kg8 43. Qc8+ Kg7 44. gxf6+ Kh7 45. Qf5+ Kh6 46. Qf4+ Kg6 47. b3 Qh1+ 48. Kg3 Qg1+ 49. Kh3 Qh1+ 1/2-1/2

[Event "9th Gashimov Mem Rapid"]
[Site "Baku AZE"]
[Date "2023.12.08"]
[Round "2.1"]
[White "Arjun Erigaisi"]
[Black "Rauf Mamedov"]
[Result "1/2-1/2"]
[EventDate "2023.12.08"]
[WhiteElo "2727"]
[BlackElo "2651"]
[PlyCount "200"]

1. d4 d5 2. Nf3 c5 3. e3 Nc6 4. c4 e6 5. cxd5 exd5 6. Bb5 Nf6 7. O-O cxd4 8. exd4 Bd6 9. Nc3 O-O 10. Bg5 Bg4 11. Bxf6 Qxf6 12. Nxd5 Qh6 13. h3 Bxf3 14. Qxf3 Nxd4 15. Qd3 Nxb5 16. Qxb5 a6 17. Qb6 Qe6 18. Rad1 Rfe8 19. Nf6+ Qxf6 20. Rxd6 Qe7 21. Rfd1 Rab8 22. Rd7 Qe4 23. Qb3 Re7 24. R7d4 Qc6 25. Rd8+ Re8 26. R8d7 Rf8 27. R1d6 Qc5 28. Rd3 Qc1+ 29. Rd1 Qc6 30. R7d6 Qe4 31. Qd5 Qxd5 32. R1xd5 Rfc8 33. Rd7 g6 34. Rd3 Rc1+ 35. Kh2 b5 36. Rf3 Rf8 37. Rd2 Rc6 38. b4 a5 39. bxa5 Ra6 40. Rd7 Rxa5 41. a3 h5 42. Rb7 h4 43. Kg1 Kg7 44. Kf1 Kh6 45. Rb3 Rfa8 46. Rxf7 Rxa3 47. Rxb5 Ra1+ 48. Ke2 R8a2+ 49. Kf3 Rf1 50. Ke3 Re1+ 51. Kd3 Rd1+ 52. Kc3 Rc1+ 53. Kd4 Rd1+ 54. Kc5 Rc2+ 55. Kb6 Rf1 56. Rb4 Rfxf2 57. Rxh4+ Kg5 58. Rg4+ Kh6 59. Rxf2 Rxf2 60. Kc5 g5 61. Kd4 Ra2 62. Ke3 Kh5 63. Kf3 Ra3+ 64. Kf2 Ra2+ 65. Kg3 Ra3+ 66. Kh2 Ra2 67. Re4 Kg6 68. Kg3 Kf5 69. Re3 Rb2 70. Ra3 Rc2 71. Kf3 g4+ 72. hxg4+ Kg5 73. Ra5+ Kg6 74. Kg3 Rc1 75. Re5 Rb1 76. Re3 Rc1 77. Kf4 Rf1+ 78. Rf3 Rg1 79. Rf2 Re1 80. g5 Ra1 81. Kg4 Kg7 82. Re2 Kg6 83. Re6+ Kg7 84. g3 Rb1 85. Ra6 Rc1 86. Rd6 Ra1 87. g6 Ra4+ 88. Kh5 Ra5+ 89. Kh4 Kh6 90. Rf6 Ra4+ 91. g4 Ra1 92. Rb6 Rh1+ 93. Kg3 Rg1+ 94. Kf4 Rf1+ 95. Ke5 Kg7 96. Ra6 Rf2 97. g5 Rf1 98. Rf6 Re1+ 99. Kf5 Rf1+ 100. Kg4 Rg1+ 1/2-1/2

[Event "9th Gashimov Mem Rapid"]
[Site "Baku AZE"]
[Date "2023.12.08"]
[Round "3.1"]
[White "Shakhriyar Mamedyarov"]
[Black "Arjun Erigaisi"]
[Result "0-1"]
[EventDate "2023.12.08"]
[WhiteElo "2723"]
[BlackElo "2727"]
[PlyCount "100"]

1. Nf3 Nf6 2. c4 e6 3. e3 d5 4. b3 Bd6 5. Bb2 O-O 6. Nc3 c6 7. Be2 Re8 8. Qc2 dxc4 9. Bxc4 Nbd7 10. g4 b5 11. Bd3 Nc5 12. g5 Nxd3+ 13. Qxd3 Nd5 14. Nxd5 cxd5 15. Rg1 b4 16. h4 Bc7 17. Ne5 Bxe5 18. Bxe5 Qb6 19. Qe2 Ba6 20. d3 Rac8 21. h5 d4 22. exd4 Rc3 23. Rd1 Qc6 24. Qe3 Rc8 25. g6 fxg6 26. hxg6 h6 27. d5 exd5 28. Qxa7 Bb7 29. Qd4 Rc1 30. Ke2 Rxd1 31. Rxd1 Qxg6 32. Kd2 Ra8 33. Ra1 Qg5+ 34. Bf4 Qe7 35. Be5 Kh7 36. f4 Ra6 37. Qe3 Qh4 38. Qe2 d4 39. f5 Qg5+ 40. Kc2 Qxf5 41. Bxd4 Qd7 42. Qf2 Rd6 43. Be5 Rxd3 44. Rg1 Be4 45. Qf4 Rd2+ 46. Kc1 Rc2+ 47. Kb1 Bg6 48. Ka1 Rxa2+ 49. Kxa2 Qa7+ 50. Kb2 Qa3# 0-1

[Event "Qatar Masters Open 2023"]
[Site "Doha QAT"]
[Date "2023.10.20"]
[Round "9.3"]
[White "Nodirbek Abdusattorov"]
[Black "Arjun Erigaisi"]
[Result "1-0"]
[EventDate "2023.10.11"]
[WhiteElo "2716"]
[BlackElo "2712"]
[PlyCount "98"]

1. c4 e6 2. Nc3 d5 3. d4 c6 4. e4 dxe4 5. Nxe4 Bb4+ 6. Bd2 Qxd4 7. Bxb4 Qxe4+ 8. Be2 Na6 9. Bd6 Qxg2 10. Bf3 Qg5 11. Ne2 Ne7 12. Ng3 e5 13. Qb3 O-O 14. h4 Qf6 15. Ne4 Qe6 16. O-O-O Re8 17. Rhg1 Nf5 18. Bh5 Nd4 19. Qd3 g6 20. f4 c5 21. fxe5 Nb4 22. Qf1 Qf5 23. Rxd4 cxd4 24. Nf6+ Kh8 25. Bxb4 Rxe5 26. Bd1 Be6 27. Bd6 Bxc4 28. Ng4 Qxf1 29. Bxe5+ Kg8 30. Rxf1 Bxf1 31. Nf6+ Kg7 32. Kd2 Bg2 33. b4 h6 34. Bb3 Kf8 35. Bxd4 Ke7 36. Ke3 b6 37. Ng4 Bh3 38. Kf4 g5+ 39. hxg5 hxg5+ 40. Kg3 Bxg4 41. Kxg4 Rd8 42. Ba1 Rd3 43. Kxg5 a5 44. bxa5 bxa5 45. Bc4 Rd2 46. Kf4 a4 47. Bc3 Rh2 48. Kf5 Rh4 49. Bf6+ 1-0

[Event "Qatar Masters Open 2023"]
[Site "Doha QAT"]
[Date "2023.10.19"]
[Round "8.3"]
[White "Arjun Erigaisi"]
[Black "David Paravyan"]
[Result "1-0"]
[EventDate "2022.10.11"]
[WhiteElo "2712"]
[BlackElo "2599"]
[PlyCount "96"]

1. d4 d5 2. c4 dxc4 3. Nf3 Nf6 4. e3 e6 5. Bxc4 c5 6. O-O a6 7. Nbd2 cxd4 8. Nxd4 Bc5 9. b3 O-O 10. Bb2 b5 11. Qf3 Ra7 12. Bd3 Bb7 13. Ne4 Nbd7 14. Nxf6+ Nxf6 15. Qg3 Qd6 16. Qxd6 Bxd6 17. Bxb5 axb5 18. Nxb5 Ra6 19. Nxd6 Rxd6 20. Ba3 Rd2 21. Bxf8 Kxf8 22. f3 g5 23. e4 g4 24. a4 gxf3 25. gxf3 Ke7 26. Rfd1 Rb2 27. Rab1 Ra2 28. Rbc1 Ne8 29. Rd4 Ba6 30. Rb4 e5 31. Rc5 f6 32. Rc6 Be2 33. Rb7+ Kd8 34. Re6 Nc7 35. Rxf6 Kc8 36. Rbb6 Ra1+ 37. Kf2 Ra2 38. Ke1 Ne8 39. Rf8 Kc7 40. Rh6 Nd6 41. Rff6 Nc8 42. Rxh7+ Kb8 43. Rh5 Bd3 44. Rxe5 Re2+ 45. Kd1 Rxh2 46. Rd5 Bc2+ 47. Kc1 Na7 48. Rd2 1-0